00657nam a2200169Ia 450000500170000000800410001702000180005808200230007610000190009924500860011826000410020430000130024544000090025894200070026799900190027495201940029320241107101222.0240126s9999 xx 000 0 und d a9781593275990 a001.6424PYT SWE;1 aSweigart, A L. 0aAutomate the boring stuff with python : practical programming for total beginners bNo Starch pressaSan Franciscoc2015 axxi, 479 aNULL cPU c287142d287142 r2024-01-26 00:00:00l0o001.6424PYT SWE;1pPU9736h(07/07/1905)v1327.00w2024-01-26yPU1040708CS00K405-6533454-8657155aMLbMLcCSd2019-04-03eAmazong1327.00ECSGRSF1V0URupees